AH International Schools' Libraries

Research methods in educational leadership and management / (Record no. 49639)

MARC details
000 -LEADER
fixed length control field 00685 am a2200181ua 4500
001 - CONTROL NUMBER
control field 011361481
020 ## - INTERNATIONAL STANDARD BOOK NUMBER
International Standard Book Number 0761971858 (pbk.) :
245 00 - TITLE STATEMENT
Title Research methods in educational leadership and management /
Statement of responsibility, etc edited by Marianne Coleman and Ann R.J. Briggs.
260 ## - PUBLICATION, DISTRIBUTION, ETC. (IMPRINT)
Place of publication, distribution, etc London :
Name of publisher, distributor, etc Sage Publications;
Date of publication, distribution, etc 2002.
300 ## - PHYSICAL DESCRIPTION
Extent xvii, 297 p. :
Other physical details ill. ;
Dimensions 25 cm.
490 1# - SERIES STATEMENT
Series statement Educational management research and practice
504 ## - BIBLIOGRAPHY, ETC. NOTE
Bibliography, etc Includes bibliographical references and index.
650 #0 - SUBJECT ADDED ENTRY--TOPICAL TERM
Topical term or geographic name as entry element School management and organization.
General subdivision Research.
9 (RLIN) 86755
650 #0 - SUBJECT ADDED ENTRY--TOPICAL TERM
Topical term or geographic name as entry element Educational leadership.
9 (RLIN) 86683
700 1# - ADDED ENTRY--PERSONAL NAME
Personal name Coleman, Marianne.
9 (RLIN) 86756
700 1# - ADDED ENTRY--PERSONAL NAME
Personal name Briggs, Ann R. J.
9 (RLIN) 86757
942 ## - ADDED ENTRY ELEMENTS (KOHA)
Source of classification or shelving scheme
Koha item type Teacher's Resources
Holdings
Withdrawn status Lost status Source of classification or shelving scheme Damaged status Not for loan Collection code Home library Current library Shelving location Date acquired Full call number Barcode Date last seen Price effective from Koha item type
          TEACHERS' RESOURCES Asian Hope Secondary Library Asian Hope Secondary Library SECONDARY 10/09/2025 371.2 COL 208280 10/09/2025 10/09/2025 Teacher's Resources

For any Logos Library related questions please contact Miss Art at swongnarasuk@asianhope.org.

For any Asian Hope Library related questions please contact Miss Raza at graza@asianhope.org.

Powered by Koha